000 00345nam a2200145Ia 4500
008 230917s9999||||xx |||||||||||||| ||und||
040 _e116220
_aMAIN
041 _aEnglish
082 _a338.4791 M294N
100 _aMalhotra, R K
245 0 _aNature and tourism
260 _aNew Delhi
_bCyber Tech
_c2006
300 _a368 p.
942 _cBK
999 _c129899
_d129899